00281nam a2200121Ia 4500008004100000041000800041082001700049100001300066245003100079260002000110365001600130700001300146230718s9999 xx 000 0 und d aeng a621.317bRAO aRao P.V. aPower Semiconductor Drives bBs Publications cRs.b225.00 aRao P.V.